| 000 | 00571nam a22002177a 4500 | ||
|---|---|---|---|
| 003 | OSt | ||
| 005 | 20140310183120.0 | ||
| 008 | 130510t xxu||||| |||| 00| 0 eng d | ||
| 020 | _a9710863894 | ||
| 050 |
_aQD415.5 _bF475 2004 |
||
| 082 |
_aFIL 572.078 _bF46 2004 |
||
| 245 |
_aLaboratory manual in biochemistry _cFigueroa, Lolibeth |
||
| 260 |
_aMandaluyong City _bNational Book Store _c2004 |
||
| 300 |
_a86 p. _c27 cm |
||
| 521 | _aCollege Students | ||
| 526 | _c1210L-1700L | ||
| 541 | _j1 | ||
| 541 | _j2 | ||
| 562 | _e2 | ||
| 942 |
_2lcc _cBK _kFIL |
||
| 999 |
_c18924 _d18924 |
||